000 00322nam a22001457a 4500
008 181018b xxu||||| |||| 00| 0 eng d
020 _a0716714604
041 _aeng
080 _22 nd
_a616.8
082 _a616.8
100 _a7
101 _aTRU
245 _aA primer of psychjobiology
_cTeyler.J.T
942 _2udc
_cBK
999 _c50116
_d50116